KOHA-Header-6

Terrorism in Action (Why blame Islam) (Record no. 13776)

000 -LEADER
fixed length control field 00288nam a22001217a 4500
020 ## - INTERNATIONAL STANDARD BOOK NUMBER
ISBN 9698373020
082 ## - DEWEY DECIMAL CLASSIFICATION NUMBER
Classification number 332
100 ## - MAIN ENTRY--AUTHOR NAME
Personal name Iqbal S. Hussaain
245 ## - TITLE STATEMENT
Title Terrorism in Action (Why blame Islam)
260 ## - PUBLICATION, DISTRIBUTION, ETC. (IMPRINT)
Place of publication Lahore
Name of publisher Humanity International
Year of publication 2003
300 ## - PHYSICAL DESCRIPTION
Number of Pages 382 pages
942 ## - ADDED ENTRY ELEMENTS (KOHA)
Koha item type Books
Holdings
Withdrawn status Lost status Collection code Permanent Location Current Location Shelving location Date acquired Full call number Accession Number Koha item type
    English Literature MAJU MAJU Shelf No.A14 2023-05-29 332 10870 Books

Powered by Koha